000
00281nam a2200121 a 4500
005
20140414132048.0
008
110330s19uu xx 00 eng d
050
_a
P
_b
PAR
245
_a
Parts of a friendly letter.
650
_a
Letter writing
999
_c
114075
_d
114075